| LEADER |
01052nam0a2200193 450 |
| 001 |
16833562 |
| 010 |
|
|
|a 978-2-03-594660-7
|b rel.
|d 14,95
|
| 100 |
|
|
|a 20180125d2018 u u0frey01 ba
|
| 101 |
0 |
|
|a fre
|
| 102 |
|
|
|a FR
|
| 200 |
0 |
|
|a avion qui vole avec le soleil (L')
|e l'extraordinaire tour du monde de Solar Impulse
|f l'aventure racontée par Michèle Piccard
|g illustrée par Martin Saive
|
| 207 |
|
1 |
|a
|
| 215 |
|
|
|a 1 vol. (93 p.)
|c illustrations en couleur, cartes
|d 26 x 26 cm
|
| 330 |
|
|
|a L'auteure retrace le tour du monde de l'avion Solar Impulse piloté par Bertrand Piccard et André Borschberg, qui a parcouru 43.000 km en fonctionnant uniquement à l'énergie solaire. L'occasion d'aborder différents sujets tels que la géographie, l'innovation technologique ou le respect de l'environnement. Electre 2019
|
| 700 |
|
0 |
|a Piccard
|b Michèle
|4 70
|
| 702 |
|
0 |
|a Saive
|b Martin
|4 440
|
| 900 |
|
|
|a Documentaire jeunesse
|
| 901 |
|
|
|a Accessible au prêt
|
| 995 |
|
|
|a BD 13
|b 156
|c Bibliothèque
|f 00156012072849
|h 00156012072849
|k E 629.1 PIC
|o p
|q j
|r az
|e BD 13
|